00525nam a22001577a 450000500170000001000150001702000260003203500140005803700130007208200130008510000290009824500770012726000430020427000960024730000240034320220808102731.0 aENG-134339 a9789387871359c190.00 aEN-117871 bDBAD/PUB a338.4791 aPilavadisamy, Srinivasan aTourism Destination Development and Management/cSrinivasan Pilavadisamy aTamil NadubShanlax Publicationsc2018 a61, 66 T.P.K. main Road, Vasantha NagarbMaduraie625003mpublisher@shanlaxpublicaitons.com ax, 114p.c22cm(pbk)